000 00548nam a22001697a 4500
003 OSt
005 20260311112504.0
008 260311b |||||||| |||| 00| 0 eng d
040 _cMRSPTU
041 _aEnglish
100 _aGunjeetpal Singh, Supervisor: Darshan Singh Sidhu
245 _aEnergy Utilization Using Solar Energy in Naveen Nagar in Saharanpur (UP)
260 _bDepartment of EE, MRSPTU, Bathinda
_c2015
650 _aElectrical Engineering
856 _uhttp://163.47.215.52:8080/jspui/handle/123456789/1177
942 _2ddc
_cTH
_n0
999 _c11112
_d11112